000 00665nam a2200205Ia 4500
001 9039
003 GE_BSU
008 181216s||||||||xx |||||||||||||| ||und||
040 _cGE_BSU
080 _a821.353.1–32
100 _aერისთავი,გიორგი
245 _aთხზულებანი
245 _cრედ.შ.რადიანი და ი.ბალახაშვილის. წინასიტყვ.შ.რადიანი
260 _aტფილისი
260 _bფედერაცია
260 _c1936
300 _a422გვ.22სმ.
653 _aთხზულებანი
942 _cBK
999 _c42343
_d42343